[Event "HUN-chT2 Maroczy 1819"]
[Site "Hungary"]
[Date "2019.04.28"]
[Round "11.8"]
[White "Cselenyi, Balazs"]
[Black "Dancs, Zsolt"]
[Result "0-1"]
[WhiteElo "2159"]
[BlackElo "2087"]
[PlyCount "78"]
[EventDate "2018.09.23"]
[EventType "team-tourn"]
[EventRounds "11"]
[EventCountry "HUN"]
[SourceTitle "EXT 2021"]
[Source "ChessBase"]
[SourceDate "2020.10.23"]
[SourceVersion "1"]
[SourceVersionDate "2020.10.23"]
[SourceQuality "1"]
[WhiteTeam "Lillafured DVTK II"]
[BlackTeam "Penzugyor II"]
[WhiteTeamCountry "HUN"]
[BlackTeamCountry "HUN"]

1. d4 Nf6 2. c4 e6 3. Nf3 d5 4. Bg5 Be7 5. Nc3 c6 6. e3 Nbd7 7. Rc1 0-0 8. Bd3 dxc4 9. Bxc4 b5 10. Bd3 Bb7 11. e4 b4 12. Na4 e5 13. Nxe5 Nxe5 14. dxe5 Nd7 15. Bf4 Qa5 16. 0-0 Nxe5 17. Be2 Rad8 18. Qc2 Rd7 19. Rfd1 Rfd8 20. Rxd7 Rxd7 21. b3 Ng6 22. Be3 Qe5 23. Nc5 Bxc5 24. Bxc5 Nf4 25. Bf1 a5 26. g3 Ne6 27. f4 Qb8 28. Bg2 Qd8 29. Be3 Nd4 30. Qf2 Ba6 31. Bf1 Bb5 32. Bxd4 Rxd4 33. Bxb5 cxb5 34. e5 h5 35. Rc2 Rd1+ 36. Kg2 h4 37. g4 Qd5+ 38. Kh3 Qd3+ 39. Kxh4 Qh7+ 0-1

[Event "Budapest-chT1 Lilienthal 1718"]
[Site "Budapest"]
[Date "2018.02.25"]
[Round "10"]
[White "Dancs, Zsolt"]
[Black "Bartus, Laszlo"]
[Result "1-0"]
[WhiteElo "2089"]
[BlackElo "2101"]
[PlyCount "76"]
[EventDate "2017.10.01"]
[EventType "team-tourn"]
[EventRounds "13"]
[EventCountry "HUN"]
[SourceTitle "EXT 2021"]
[Source "ChessBase"]
[SourceDate "2020.10.23"]
[SourceVersion "1"]
[SourceVersionDate "2020.10.23"]
[SourceQuality "1"]
[WhiteTeam "Penzugyor III"]
[BlackTeam "Budapest EAC II"]
[WhiteTeamCountry "HUN"]
[BlackTeamCountry "HUN"]

1. e4 e5 2. Nf3 d6 3. d4 exd4 4. Nxd4 Nf6 5. Nc3 Be7 6. Be2 0-0 7. 0-0 Bd7 8. f4 Nc6 9. Be3 Re8 10. Bf3 Bf8 11. Re1 Nxd4 12. Bxd4 Bc6 13. Qd3 Nd7 14. Nd5 Nb6 15. c4 Nxd5 16. cxd5 Bd7 17. Rac1 c6 18. dxc6 bxc6 19. Bf2 Qc7 20. Red1 Rab8 21. e5 Rxb2 22. exd6 Qb7 23. Rb1 Rxb1 24. Rxb1 Qc8 25. Rb2 a5 26. Rb6 Re6 27. Bc5 Re1+ 28. Kf2 Qe8 29. Rb7 Ra1 30. Qd2 Qe6 31. Rb2 Qh6 32. Kg3 Rh1 33. h3 Bxh3 34. f5 g5 35. fxg6 Qxg6+ 36. Kf2 Qf5 37. Qd4 Bg7 38. Rb8+ Bf8 1-0

[Event "Budapest FS12 FM-A"]
[Site "Budapest"]
[Date "2011.12.12"]
[Round "10"]
[White "Dancs, Zsolt"]
[Black "Kozak, Adam"]
[Result "0-1"]
[WhiteElo "2114"]
[BlackElo "1864"]
[PlyCount "54"]
[EventDate "2011.12.03"]
[EventType "tourn"]
[EventRounds "11"]
[EventCountry "HUN"]
[SourceTitle "CBM 145 Extra"]
[Source "ChessBase"]
[SourceDate "2012.01.03"]
[SourceVersion "1"]
[SourceVersionDate "2012.01.03"]
[SourceQuality "1"]

1. d4 d5 2. Nf3 Nf6 3. c4 c6 4. cxd5 cxd5 5. Nc3 Nc6 6. Bg5 Ne4 7. Bf4 Qa5 8. Qb3 Qb4 9. Qxb4 Nxb4 10. Rc1 Nxc3 11. bxc3 Nc6 12. e3 Bf5 13. Be2 Rc8 14. Nh4 Be6 15. 0-0 Na5 16. Bb5+ Bd7 17. Bxd7+ Kxd7 18. Nf3 f6 19. Rb1 b6 20. Rfc1 e6 21. Nd2 h5 22. e4 Nc4 23. exd5 exd5 24. a4 Bd6 25. Nxc4 Bxf4 26. Ne3 Rhe8 27. Rb5 Rxe3 0-1

[Event "Budapest FS11 FM-B"]
[Site "Budapest"]
[Date "2011.11.11"]
[Round "7"]
[White "Dancs, Zsolt"]
[Black "Darazs, Zoltan"]
[Result "1/2-1/2"]
[WhiteElo "2114"]
[BlackElo "2103"]
[PlyCount "100"]
[EventDate "2011.11.05"]
[EventType "tourn"]
[EventRounds "10"]
[EventCountry "HUN"]
[SourceTitle "EXT 2012"]
[Source "ChessBase"]
[SourceDate "2011.11.24"]
[SourceVersion "1"]
[SourceVersionDate "2011.11.24"]
[SourceQuality "1"]

1. e4 c5 2. Nf3 d6 3. d4 cxd4 4. Nxd4 Nf6 5. Nc3 a6 6. Bg5 e6 7. f4 Qb6 8. Nb3 Be7 9. Qf3 Qc7 10. 0-0-0 b5 11. a3 Bb7 12. g4 Nbd7 13. Bxf6 Bxf6 14. Bxb5 Bxc3 15. Bxd7+ Kxd7 16. bxc3 Rhc8 17. Qd3 d5 18. Kb2 Ke7 19. Qd4 Kf8 20. e5 a5 21. Rd3 a4 22. Nd2 Ba6 23. Rh3 Rab8+ 24. Ka2 Bc4+ 25. Nxc4 Qxc4+ 26. Qxc4 Rxc4 27. Rf3 d4 28. Rb1 Rxb1 29. Kxb1 dxc3 30. Kc1 g5 31. Kd1 Kg7 32. Ke2 Kg6 33. f5+ Kg7 34. fxe6 fxe6 35. h3 h5 36. gxh5 Rc5 37. Re3 Kh6 38. Kd3 Kxh5 39. Kd4 Rc6 40. Rxc3 Rxc3 41. Kxc3 Kh4 42. Kb4 Kxh3 43. c4 g4 44. c5 g3 45. c6 g2 46. c7 g1Q 47. c8Q Qd4+ 48. Qc4 Qxc4+ 49. Kxc4 Kg4 50. Kb4 Kf4 1/2-1/2

[Event "Budapest FS11 FM-B"]
[Site "Budapest"]
[Date "2011.11.10"]
[Round "6"]
[White "Koczo, Kristof"]
[Black "Dancs, Zsolt"]
[Result "1/2-1/2"]
[WhiteElo "2147"]
[BlackElo "2114"]
[PlyCount "91"]
[EventDate "2011.11.05"]
[EventType "tourn"]
[EventRounds "10"]
[EventCountry "HUN"]
[SourceTitle "EXT 2012"]
[Source "ChessBase"]
[SourceDate "2011.11.24"]
[SourceVersion "1"]
[SourceVersionDate "2011.11.24"]
[SourceQuality "1"]

1. d4 Nf6 2. c4 e6 3. Nc3 d5 4. cxd5 exd5 5. Bg5 Be7 6. e3 0-0 7. Bd3 h6 8. Bh4 Nbd7 9. Nf3 c6 10. 0-0 Re8 11. Qc2 Ne4 12. Bxe7 Qxe7 13. b4 Qxb4 14. Nxe4 dxe4 15. Bxe4 Qe7 16. Bh7+ Kh8 17. Bd3 Nf6 18. Rfc1 Be6 19. Rab1 Bd5 20. Ne5 Rab8 21. f4 Nd7 22. e4 Nxe5 23. dxe5 Be6 24. Be2 Rbd8 25. Qb2 Bc8 26. Rd1 Qc5+ 27. Kh1 Qe3 28. Bc4 Be6 29. Bxe6 fxe6 30. Qxb7 Qxe4 31. Qxa7 Qxf4 32. Qc7 Rxd1+ 33. Rxd1 Rf8 34. h3 Qe4 35. Rd8 Rxd8 36. Qxd8+ Kh7 37. Qd6 Qb1+ 38. Kh2 Qxa2 39. Qxc6 Qd5 40. Qxd5 exd5 41. Kg3 Kg6 42. Kf4 Kf7 43. Ke3 Ke7 44. Kd3 Kd7 45. Ke3 Ke7 46. Kd3 1/2-1/2

[Event "Budapest FS11 FM-B"]
[Site "Budapest"]
[Date "2011.11.07"]
[Round "3"]
[White "Dancs, Zsolt"]
[Black "Bacsi, Andras"]
[Result "1-0"]
[WhiteElo "2114"]
[BlackElo "1905"]
[PlyCount "51"]
[EventDate "2011.11.05"]
[EventType "tourn"]
[EventRounds "10"]
[EventCountry "HUN"]
[SourceTitle "EXT 2012"]
[Source "ChessBase"]
[SourceDate "2011.11.24"]
[SourceVersion "1"]
[SourceVersionDate "2011.11.24"]
[SourceQuality "1"]

1. e4 e5 2. Nf3 Nc6 3. Bb5 a6 4. Ba4 Nf6 5. 0-0 Be7 6. Re1 b5 7. Bb3 0-0 8. c3 d6 9. h3 Nb8 10. d4 Nbd7 11. Nbd2 Bb7 12. Bc2 c5 13. d5 c4 14. Nf1 Nc5 15. Ng3 Re8 16. Be3 Rc8 17. a4 Qc7 18. Nh2 g6 19. axb5 axb5 20. f4 Nfd7 21. f5 Bh4 22. Qg4 Bxg3 23. Qxg3 Nf8 24. Ng4 Kh8 25. Qh4 Nfd7 26. Nf6 1-0

[Event "Budapest FS09 FM"]
[Site "Budapest"]
[Date "2011.09.11"]
[Round "9"]
[White "Dancs, Zsolt"]
[Black "Szatmari, David"]
[Result "1/2-1/2"]
[WhiteElo "2156"]
[BlackElo "2021"]
[PlyCount "40"]
[EventDate "2011.09.03"]
[EventType "tourn"]
[EventRounds "11"]
[EventCountry "HUN"]
[SourceTitle "CBM 144 Extra"]
[Source "ChessBase"]
[SourceDate "2011.10.28"]
[SourceVersion "1"]
[SourceVersionDate "2011.10.28"]
[SourceQuality "1"]

1. e4 c5 2. Nf3 Nc6 3. d4 cxd4 4. Nxd4 Nf6 5. Nc3 e5 6. Ndb5 d6 7. Bg5 a6 8. Na3 Be7 9. Qd2 0-0 10. f3 b5 11. Ne2 Be6 12. Ng3 h6 13. Be3 Rc8 14. c4 b4 15. Nc2 a5 16. b3 Nd7 17. Bd3 Bg5 18. Bxg5 Qxg5 19. Qxg5 hxg5 20. Ne3 Nc5 1/2-1/2

[Event "Budapest FS09 FM"]
[Site "Budapest"]
[Date "2011.09.10"]
[Round "8"]
[White "Letay, Gyula"]
[Black "Dancs, Zsolt"]
[Result "1/2-1/2"]
[WhiteElo "2028"]
[BlackElo "2156"]
[PlyCount "81"]
[EventDate "2011.09.03"]
[EventType "tourn"]
[EventRounds "11"]
[EventCountry "HUN"]
[SourceTitle "CBM 144 Extra"]
[Source "ChessBase"]
[SourceDate "2011.10.28"]
[SourceVersion "1"]
[SourceVersionDate "2011.10.28"]
[SourceQuality "1"]

1. e4 c5 2. Nc3 e6 3. Nf3 Nc6 4. d4 cxd4 5. Nxd4 Qb6 6. Nb3 a6 7. Be3 Qc7 8. f4 d6 9. Be2 Nf6 10. 0-0 Be7 11. Bf3 Bd7 12. Qe1 0-0 13. Rd1 Rac8 14. Qf2 b5 15. a3 b4 16. axb4 Nxb4 17. Rd2 Bc6 18. Nd4 Ba8 19. g4 d5 20. e5 Ne4 21. Nxe4 dxe4 22. Bd1 Nd5 23. c3 Rfd8 24. Bc2 Nxe3 25. Qxe3 Qb7 26. Bb1 Rxd4 27. cxd4 h6 28. Rc2 Rd8 29. Rfc1 f5 30. gxf5 exf5 31. Rc7 Qb4 32. Qc3 Bd5 33. Rc8 Rxc8 34. Qxc8+ Kh7 35. Qxf5+ g6 36. Qd7 Qxd4+ 37. Kg2 Qd2+ 38. Kh3 Qe3+ 39. Kg2 Qd2+ 40. Kh3 Qe3+ 41. Kg2 1/2-1/2

[Event "Budapest Spring op 13th"]
[Site "Budapest"]
[Date "1997.??.??"]
[Round "3"]
[White "Bystrov, Sergej Mikhailovich"]
[Black "Dancs, Zsolt"]
[Result "1-0"]
[WhiteElo "2255"]
[BlackElo "2130"]
[PlyCount "73"]
[EventDate "1997.03.??"]
[EventType "swiss"]
[EventRounds "9"]
[EventCountry "HUN"]
[SourceTitle "EXT 1998"]
[Source "ChessBase"]
[SourceDate "1997.11.17"]
[SourceVersion "1"]
[SourceVersionDate "1997.11.17"]
[SourceQuality "1"]

1. d4 Nf6 2. Nf3 d5 3. c4 e6 4. Nbd2 Be7 5. e3 0-0 6. Bd3 dxc4 7. Nxc4 b6 8. 0-0 Bb7 9. b3 Nbd7 10. Bb2 c5 11. Qe2 cxd4 12. Nxd4 Nc5 13. Bc2 Qd5 14. f3 Rfd8 15. Rad1 Qh5 16. Rd2 Nd5 17. a3 Rac8 18. b4 Nd7 19. Bd3 Qh6 20. Re1 Bg5 21. f4 Nxf4 22. exf4 Bxf4 23. g3 Bxg3 24. hxg3 Qh1+ 25. Kf2 Qg2+ 26. Ke3 Qxg3+ 27. Nf3 Bxf3 28. Qf2 Qxf2+ 29. Rxf2 Bd5 30. Nd6 Rc7 31. Nxf7 Rf8 32. Nh6+ Kh8 33. Bxg7+ Kxg7 34. Rg1+ Bg2 35. Rfxg2+ Kf6 36. Rf2+ Ke5 37. Nf7+ 1-0

[Event "HUN-chT2 9495"]
[Site "Hungary"]
[Date "1995.??.??"]
[Round "?"]
[White "Biro, Gyorgy"]
[Black "Dancs, Zsolt"]
[Result "1/2-1/2"]
[WhiteElo "2210"]
[BlackElo "2150"]
[PlyCount "39"]
[EventDate "1994.??.??"]
[EventType "team"]
[EventRounds "13"]
[EventCountry "HUN"]
[SourceTitle "EXT 1999"]
[Source "ChessBase"]
[SourceDate "1998.11.16"]
[SourceVersion "1"]
[SourceVersionDate "1998.11.16"]
[SourceQuality "1"]

1. e4 c5 2. Nf3 Nc6 3. d4 cxd4 4. Nxd4 Nf6 5. Nc3 g6 6. Be3 Bg7 7. Bc4 0-0 8. Bb3 a5 9. a4 Ng4 10. Qxg4 Nxd4 11. Qd1 Nxb3 12. cxb3 d6 13. 0-0 Be6 14. Rc1 Qd7 15. Nd5 Bxd5 16. Qxd5 Rfc8 17. Rxc8+ Rxc8 18. Qxa5 Bxb2 19. Qb6 Rc6 20. Qb5 1/2-1/2